000 00467pab a2200181 454500
008 180718b2000 xxu||||| |||| 00| 0 eng d
100 _aSuryanarayana, M.H.
245 _aHow real is the secular decline in rural poverty
260 _c2000
300 _ap.2129-140
362 _a17 Jun
650 _aPoor - India
650 _aRural poor - India
650 _aPoverty - India
650 _aPoverty
773 _aEconomic and Political Weekly
909 _a45249
999 _c45249
_d45249